| 000 | 01826nam a22001577a 4500 | ||
|---|---|---|---|
| 041 | _aukr | ||
| 080 | _a09 | ||
| 090 | _bНЕЧ | ||
| 100 | _aНечитайло Ю. Ю. | ||
| 245 | _aНа межі мистецтв: література та живопис (на матеріалі романа Оскара Уайльда "Портрет Доріана Грея".) | ||
| 260 |
_aОстрог _bКАФ _c2003 |
||
| 300 | _a53 | ||
| 520 |
_aРозділ 1.Порівняльний аналіз портрету в літературі та живописі.
1.1.Історія та стилістика портрету малярського.
1.2.Стилістичні особливості портрету літературного.
1.3.Засоби творення портрету в мистецтві.
Розділ 2. О.Уайльд, мистецькі ідеї та мистецькі проблеми в його романі "Портрет Доріана Грея".
2.1.Естетизм О.Уайльда як філософія життя та філософія мистецтва.
2.2.Поєднання літературного та живописного портрету в романі Оскара Уайльда "Портрет Доріана Грея".
Розділ 3. Підхід О.Уайльда до творення портрету у романі: прийоми та засоби.
3.1. Імя як складова портрету персонажу.
3.2. Роман як автопортрет О.Уайльда, триєдність цього портрету.
3.3. Мовні та мовленнєві засоби творення портрету у романі. _0портрет, мовленнєві засоби, естетизм |
||
| 650 | _aResearch Papers | ||
| 999 |
_c281856 _d281856 |
||
| 942 | _cBK | ||